Kutaisi International Airport Destinations (Kutaisi, Georgia) - Map - Statistics

General Stats
  • This quiz has been taken 26 times
  • The average score is 26 of 33
Answers on the Map
Answers color-coded by a green-red scale on the quiz's map according to % correct below.
 
Answer Stats
Destination % Correct
Astana
100%
Almaty
95%
Barcelona
95%
Berlin
95%
Budapest
95%
Madrid
95%
Milan (Malpensa)
95%
Minsk
95%
Moscow (Vnukovo)
95%
Moscow (Zhukovsky)
95%
Rome (Ciampino)
95%
Warsaw (Chopin)
95%
Athens
91%
Hamburg
91%
Istanbul (Sabiha Gökçen)
91%
Prague
91%
Venice
91%
Vilnius
91%
Katowice
86%
Lyon
86%
Thessaloniki
86%
Poznań
82%
Larnaca
77%
Charleroi
73%
Hahn
73%
Wrocław
73%
Beauvais
64%
Dortmund
59%
Atyrau
45%
Aqtau
41%
Memmingen
41%
Şymkent
27%
Mestia
9%
No matching quizzes found
Score Distribution
Percent of People with Each Score
Percentile by Number Answered
Your Score History
You have not taken this quiz